Bioštatistika

Bibliographic Details
Main Author: Obtulovič, Peter, 1954- (Author)
Format: Book
Language:Slovak
PhysicalDescription:131 strán schémy, tabuľky 24 cm
Published: Nitra Slovenská poľnohospodárska univerzita 2002
ISBN:8080691045
Edition:2. nezm. vyd.
Subjects:

MARC

LEADER 00000cam a2200000 a 4500
001 vtls001459768
003 SK-MaSNL
005 20260301203311.0
008 240226s2002 xo l ern p 000 0 slo
015 |a SNBA2004/01-00572 
020 |a 8080691045 
035 |a SNK000415075 
035 |a urn:nbn:sk:snk-am3iwyh 
035 |a 48771B9D-426E-4189-B58A-9555786C0FB2 
035 |a urn:nbn:sk:snk-am00g681 
040 |a SNK  |b slo  |c SNK  |e AACR2 
041 0 |a slo 
044 |a xo  |c SK 
072 7 |a 57  |x Všeobecná biológia  |2 konspekt 
080 |a 57.087.1(075.8)  |2 1997 
080 |a 57.087.1  |2 2011 
080 |a (075.8)  |2 2011 
100 1 |a Obtulovič, Peter,  |d 1954-  |4 aut  |9 7969 
245 1 0 |a Bioštatistika  |c Peter Obtulovič 
250 |a 2. nezm. vyd. 
260 |a Nitra  |b Slovenská poľnohospodárska univerzita  |c 2002 
300 |a 131 strán  |b schémy, tabuľky  |c 24 cm 
366 |e 600 kusov 
504 |a Bibliografia na strane 117 
650 0 7 |a biometrika  |2 SNKPH  |9 68160 
655 7 |a učebnice vysokých škôl  |2 SNKPH  |9 70191 
919 |a 80-8069-104-5 
958 |a NB 
958 |a OND 
999 |c 902113  |d 904043 
952 |t P60, <03>, [BOOK], {603}  |a SNK  |b SNK  |y PREZ  |7 0  |p 17A0396771  |o snkSC 112980  |i snkKSP 11715/2003  |0 0  |1 0  |4 0  |d 2003-09-10  |f 1  |l 0  |r 2025-10-02 00:00:00  |w 2026-02-24 
952 |t snkOBT 57.087  |a SNKUST  |b SNKUST  |y PREZ  |7 0  |p 17A0396772  |o snkSC 112980 D1  |i snkKSP 11716/2003  |8 0  |0 0  |1 0  |4 0  |d 2003-09-10  |l 0  |r 2025-03-21 00:00:00  |w 2026-02-24